| 000 | 00403nam a2200145Ia 4500 | ||
|---|---|---|---|
| 008 | 231217s9999 xx 000 0 und d | ||
| 041 | _aEnglish | ||
| 082 | _a001.6424C IIT.2;1 R | ||
| 100 | _aIIT | ||
| 245 | 0 | _aObject oriented design and and programming c++ Vol-2: student's guide | |
| 260 |
_c1997 _bIIT _aKanpur |
||
| 300 | _aii, 421 | ||
| 650 | _aObject,oriented,programming,c++ | ||
| 942 | _cAA | ||
| 999 |
_c192592 _d192592 |
||